| 000 | 00573 a2200241 4500 | ||
|---|---|---|---|
| 001 | 200042062 | ||
| 999 |
_c200042062 _d26612 |
||
| 003 | TR-AnTOB | ||
| 005 | 20190322122956.0 | ||
| 008 | 160507b20069999tu br0p 0 0 | ||
| 022 | _a1306-2492 | ||
| 040 | _aTR-AnTOB | ||
| 041 | _atur | ||
| 050 | _aTR1 | ||
| 099 | _aJOURNAL - İZ | ||
| 245 | 0 | _aİz. | |
| 260 |
_aİstanbul: _bFotoğrafevi, _c2006- |
||
| 300 |
_ac.: _bres. ; _c32 sm. |
||
| 310 | _aİki ayda bir: | ||
| 362 | _av.1 no. 1 (January-February 2006)- | ||
| 650 |
_aPhotography _zTurkey _vPeriodicals _975723 |
||
| 942 | _cCR | ||